Literatura y lengua 3 : argentina y latinoamericana /

Guardado en:
Autor Principal: Galán, Ana Silvia
Otros Autores: Indart, María Inés, López Ocán, Mónica, Roggio, Patricia
Formato: Libro
Publicado: Buenos Aires : Puerto de Palos, 1996
Series:Activa
Materias:
Etiquetas: Agregar Etiqueta
Sin Etiquetas, Sea el primero en etiquetar este registro!
LEADER 01350nam a22003015a 4500
001 CEM.cems017361
008 130507s1996##################000#0#####d
005 20241220104537.0
245 1 0 |a Literatura y lengua 3 :  |b argentina y latinoamericana /  |c Ana Silvia Galán ... [et Al.] 
260 |a Buenos Aires :  |b Puerto de Palos,  |c 1996 
300 |a 255 p. 
490 0 |a Activa 
505 0 |a Qué es la literatura? -- La identidad en un mundo globalizado -- La literatura de los desplazados -- El nacimiento de la literatura argentina -- El gaucho, protagonista -- El lenguaje propiamente latinoamericano -- Lo universal como patrimonio latinoamericano -- La identidad del otro -- Los hombres sin futuro -- La literatura latinoamericana sale al mundo 
020 |a 987547549X 
100 1 |a Galán, Ana Silvia 
700 1 |a Indart, María Inés 
700 1 |a López Ocán, Mónica 
700 1 |a Roggio, Patricia 
082 0 4 |a 468 
653 |a Lengua 
653 |a Lengua-polimodal 
653 |a Literatura 
653 |a Literatura-polimodal 
653 |a Literatura argentina 
653 |a Litertura latinoamericana 
859 |a CEMS  |b BIB. CEMS - Agricultura  |h 468  |i C641  |p A0702.07  |t Ej.1  |v 3  |3 III 
859 |a CEMS  |b BIB. CEMS - 11 de abril  |h 468  |i C113  |p 22072.03  |t Ej.1  |v III  |3 III 
859 |a CEMS  |b BIB. CEMS - 11 de abril  |h 468  |i C113  |p 22074.03  |t Ej.3  |v III  |3 III